书目信息 |
| 题名: |
朱元璋全传
|
|
| 作者: | 郑云鹏 著 | |
| 分册: | ||
| 出版信息: | 北京 中国大百科全书出版社 2022.01 |
|
| 页数: | 374页 | |
| 开本: | 23cm | |
| 丛书名: | ||
| 单 册: | ||
| 中图分类: | K827 | |
| 科图分类: | ||
| 主题词: | 朱元璋--zhu yuan zhang--传记 , 皇帝--huang di--传记--中国--明代 | |
| 电子资源: | ||
| ISBN: | 978-7-5202-1057-7 | |
| 000 | 00988nam0 2200265 450 | |
| 001 | 011025154545 | |
| 005 | 20221025154545.0 | |
| 010 | @a978-7-5202-1057-7@dCNY68.00 | |
| 100 | @a20201004d2022 em y0chiy0120 ea | |
| 101 | 0 | @achi |
| 102 | @aCN@b110000 | |
| 105 | @ay z 000yy | |
| 106 | @ar | |
| 200 | 1 | @a朱元璋全传@Azhu yuan zhang quan chuan@f郑云鹏著 |
| 210 | @a北京@c中国大百科全书出版社@d2022.01 | |
| 215 | @a374页@d23cm | |
| 312 | @a封面其他题名信息:从贫农之子到开国之君 | |
| 330 | @a本书展示了一个立体的朱元璋形象,他是农民起义领袖,也是开创盛世的帝王;他心系百姓,勤政爱民,也冷酷无情,大兴党狱;他知人善任,勇于纳谏,也固执己见,嗜权如命。 | |
| 517 | 1 | @a从贫农之子到开国之君@Acong pin nong zhi zi dao kai guo zhi jun |
| 600 | 0 | @a朱元璋@Azhu yuan zhang@f(1328-1398)@x传记 |
| 606 | 0 | @a朱元璋@Azhu yuan zhang@x传记 |
| 606 | 0 | @a皇帝@Ahuang di@x传记@y中国@z明代 |
| 690 | @aK827@v5 | |
| 701 | 0 | @a郑云鹏@Azheng yun peng@4著 |
| 905 | @a河南城建学院图书馆@dK827@eZ457 | |
| 朱元璋全传/郑云鹏著.-北京:中国大百科全书出版社,2022.01 |
| 374页;23cm |
| ISBN 978-7-5202-1057-7:CNY68.00 |
| 本书展示了一个立体的朱元璋形象,他是农民起义领袖,也是开创盛世的帝王;他心系百姓,勤政爱民,也冷酷无情,大兴党狱;他知人善任,勇于纳谏,也固执己见,嗜权如命。 |
| ● |
| 相关链接 |
|
|
|
正题名:朱元璋全传
索取号:K827/Z457
 
预约/预借
| 序号 | 登录号 | 条形码 | 馆藏地/架位号 | 状态 | 备注 |
| 1 | 1590761 | 215907614 | 社科库309/309社科库 57排5列4层/ [索取号:K827/Z457] | 在馆 | |
| 2 | 1590762 | 215907623 | 社科库309/309社科库 57排5列4层/ [索取号:K827/Z457] | 在馆 |